Escudo-linaje-ara : entronque heraldico san martin-escalada /
Guardado en:
| Autor Principal: | |
|---|---|
| Formato: | Libro |
| Publicado: |
Bahia Blanca :
Asociacion Cultural Sanmartiniana,
1992
|
| Materias: | |
| Etiquetas: |
Agregar Etiqueta
Sin Etiquetas, Sea el primero en etiquetar este registro!
|
| LEADER | 00632nam a22001695a 4500 | ||
|---|---|---|---|
| 001 | EHU.bham013227 | ||
| 003 | AR-BHAM | ||
| 005 | 20100226161849.0 | ||
| 008 | 130507s1992##################000#0#####d | ||
| 082 | 9 | 2 | |a 929.2 |
| 100 | 1 | |a Paglialunga De Tuma, Mercedes | |
| 245 | 1 | 0 | |a Escudo-linaje-ara : |b entronque heraldico san martin-escalada / |c Mercedes Paglialunga De Tuma |
| 260 | |a Bahia Blanca : |b Asociacion Cultural Sanmartiniana, |c 1992 | ||
| 300 | |a 21p. | ||
| 653 | |a Genealogia-historia de familias | ||
| 859 | |a AR-BHAM |b BIB. HUMANIDADES - General |h 929.2 |i P149 |p 514.92 |t Ej.1 | ||
| 859 | |a AR-BHAM |b BIB. HUMANIDADES - General |h 929.2 |i P149 |p 515.92 |t Ej.1 | ||
